The Gallup guide : (Record no. 5766)
[ view plain ]
| 000 -LEADER | |
|---|---|
| fixed length control field | 00873cam a22002654a 4500 |
| 001 - CONTROL NUMBER | |
| control field | 49531544 |
| 003 - CONTROL NUMBER IDENTIFIER | |
| control field | OCoLC |
| 005 - DATE AND TIME OF LATEST TRANSACTION | |
| control field | 20190109182357.0 |
| 008 - FIXED-LENGTH DATA ELEMENTS--GENERAL INFORMATION | |
| fixed length control field | 020329s2002 njua b 000 0 eng |
| 010 ## - LIBRARY OF CONGRESS CONTROL NUMBER | |
| LC control number | 2002004951 |
| 020 ## - INTERNATIONAL STANDARD BOOK NUMBER | |
| International Standard Book Number | 0764423975 (alk. paper) |
| 040 ## - CATALOGING SOURCE | |
| Original cataloging agency | DLC |
| Transcribing agency | DLC |
| 042 ## - AUTHENTICATION CODE | |
| Authentication code | pcc |
| 050 00 - LIBRARY OF CONGRESS CALL NUMBER | |
| Classification number | BV652 |
| Item number | .G26 2002 |
| 082 00 - DEWEY DECIMAL CLASSIFICATION NUMBER | |
| Classification number | 277.3 |
| Edition number | 21 |
| Item number | L748G |
| 092 ## - LOCALLY ASSIGNED DEWEY CALL NUMBER (OCLC) | |
| Classification number | 277.3083 |
| Item number | G13g |
| 100 1# - MAIN ENTRY--PERSONAL NAME | |
| Personal name | Gallup, George, |
| Dates associated with a name | 1930-2011. |
| 245 14 - TITLE STATEMENT | |
| Title | The Gallup guide : |
| Remainder of title | reality check for 21st century churches / |
| Statement of responsibility, etc. | George H. Gallup Jr. and D. Michael Lindsay. |
| 260 ## - PUBLICATION, DISTRIBUTION, ETC. | |
| Place of publication, distribution, etc. | Princeton, N.J. : |
| Name of publisher, distributor, etc. | Gallup Organization ; |
| Place of publication, distribution, etc. | Loveland, Colo. : |
| Name of publisher, distributor, etc. | Group, |
| Date of publication, distribution, etc. | c2002. |
| 300 ## - PHYSICAL DESCRIPTION | |
| Extent | 175 p. : |
| Other physical details | ill. ; |
| Dimensions | 23 cm. |
| 504 ## - BIBLIOGRAPHY, ETC. NOTE | |
| Bibliography, etc. note | Includes bibliographical references. |
| 650 #0 - SUBJECT ADDED ENTRY--TOPICAL TERM | |
| Topical term or geographic name entry element | Church management |
| General subdivision | Public opinion. |
| 700 1# - ADDED ENTRY--PERSONAL NAME | |
| Personal name | Lindsay, D. Michael |
| Fuller form of name | (David Michael), |
| Dates associated with a name | 1971- |
| 942 ## - ADDED ENTRY ELEMENTS (KOHA) | |
| Source of classification or shelving scheme | Dewey Decimal Classification |
| Koha item type | Books |
| Withdrawn status | Lost status | Source of classification or shelving scheme | Damaged status | Not for loan | Collection code | Home library | Current library | Shelving location | Date acquired | Cost, normal purchase price | Total Checkouts | Full call number | Barcode | Date last seen | Price effective from | Koha item type |
|---|---|---|---|---|---|---|---|---|---|---|---|---|---|---|---|---|
| Dewey Decimal Classification | Non-fiction | Harvest Mission College | Harvest Mission College | General Stacks | 09.01.2019 | 950.00 | 277.3 L748G | 006666 | 09.01.2019 | 09.01.2019 | Books |
